000 00288nam a2200109Ia 4500
008 230320s9999||||xx |||||||||||||| ||spa||
082 _a370.152/E78
100 _aEscaño, José ; Gil De La Serna, María
245 0 _aCómo Se Aprende Y Cómo Se Enseña
260 _bIce
942 _80
_cLIB
999 _c35969
_d35969